All cities with Upcoming Metro System on a Map - Statistics

General Stats
  • This quiz has been taken 151 times
    36 since last reset
  • The average score is 10 of 18
Answers on the Map
Answers color-coded by a green-red scale on the quiz's map according to % correct below.
 
Answer Stats
Country City % Correct
Kazakhstan Astana
97%
Colombia Bogotá
91%
Australia Melbourne
91%
Israel Tel Aviv
91%
Egypt Alexandria
85%
Serbia Belgrade
79%
Indonesia Denpasar
73%
Ivory Coast Abidjan
70%
Romania Cluj-Napoca
70%
India Surat
45%
Iran Qom
42%
Malaysia Johor Bahru
39%
Malaysia George Town
36%
Iran Ahvaz
27%
Turkey Mersin
15%
Turkey İzmit
9%
India Thane
9%
Turkey Gebze
6%
No matching quizzes found
Score Distribution
Percent of People with Each Score
Percentile by Number Answered
Your Score History
You have not taken this quiz since the last reset